00959cam a2200253 a 450000100100000000500170001000800410002704000300006808200170009810000370011524500600015226000610021230000210027349000170029450400560031165100490036765100410041665100470045783000260050491000280053004900090055895201210056799900170068800001472920200929163907.0760602s1974 ag b 000 0 spa  aDO-SdBNPbspacDLCdBNPHU a305.8bS129r1 aSagrera, Martín.d1935-92670514aLos racismos en América "Latina" /cMartín Sagrera. aBuenos Aires, Argentina :bEdiciones La Bastilla,c1974. a518 p. ;c20 cm.1 aCampo minado aIncluye referencias bibliográficas (p.[479]-510). 4aAmérica LatinaxRelaciones Raciales921231 4aMéxicoxRelaciones Raciales933402 4aEstados UnidosxRelaciones Raciales933403 0aCampo minado ;933404 aCatalogación derivada aBNGR 001054708MOaGRbGRcCTd2010-01-19iLF1l0o305.8 S129rp14729-10r2020-06-25w2020-06-25y4ZPréstamo en sala c14312d14312